| 000 | 00509nam a2200193Ia 4500 | ||
|---|---|---|---|
| 003 | OSt | ||
| 005 | 20240502091626.0 | ||
| 008 | 230312s9999||||xx |||||||||||||| ||und|| | ||
| 020 | _a0-324-20591-0 | ||
| 040 | _bEnglish | ||
| 082 |
_a338.5 _bCAR-I |
||
| 100 | _aCarbaugh Robert, J. | ||
| 245 | 0 | _aInternational Economics | |
| 260 |
_bThomson _aAustraila _c2005 |
||
| 300 | _a530 | ||
| 546 | _aEng. | ||
| 650 |
_aEconomics _vInternational Trade Relations , International Monetary Relations |
||
| 942 |
_cBK _2ddc |
||
| 999 |
_c4494 _d4494 |
||